| 000 | 00885nam a2200229 a 4500 | ||
|---|---|---|---|
| 005 | 20210223130714.0 | ||
| 008 | 081006s2000 mx r 000 0 spa d | ||
| 035 | _aUPN01000162448 | ||
| 049 | _aUNE | ||
| 080 | _a376.74 (84) LOP No.22. | ||
| 100 | 1 |
_aLópez, Luis Enrique _930819 |
|
| 245 | 1 | 0 |
_aInterculturalidad y formación docente en Bolivia : _bprimer informe de avance de una investigación en curso / _cpor Luis Enrique López. |
| 260 |
_aGinebra : _bOIE ; _aParís : _bUNESCO, _-1994. |
||
| 300 | _a20 p. | ||
| 440 | 0 | _aDocumentos sobre la formación de maestros y la educación mu- | |
| 690 | _aFormación de docentes - Multiculturalismo | ||
| 690 | _aEducación lingüística - Formación de docentes | ||
| 690 | _aBolivia - Formación de docentes - Multiculturalismo | ||
| 710 | 2 | _aUNESCO | |
| 710 | 2 |
_aOficina Internacional de Educación _929527 |
|
| 905 | _aUNESCO | ||
| 999 |
_c134561 _d134561 |
||